000 00347nam a2200145Ia 4500
008 220204s9999 xx 000 0 und d
082 _a581:576.3
_bCLO
100 _aCLOWE, Fal
245 0 _aPlant cells
260 _aOxford
_bBlackwell
_c1968
490 _aBotanical monographs
650 _aPlant cell
700 _aJONIPER, B E
942 _cBK
999 _c21159
_d21159